| 000 | 00424cam a2200169ua 4500 | ||
|---|---|---|---|
| 020 | _c225.00 | ||
| 041 |
_aeng _h |
||
| 100 | _aVijaya, M.S; . | ||
| 245 |
_aMaterial science / _cM.S Vijaya. _hTextual Documents |
||
| 260 |
_aNew Delhi : _bTata Mc-Graw Hill Publishing Company , _c2003. |
||
| 300 | _a ; . | ||
| 365 | _a225.00 | ||
| 504 | _a | ||
| 700 | 1 | _aRangarajan, S . | |
| 942 | _cBK | ||
| 999 |
_c12957 _d12957 |
||